Ligne 16 du métro de Paris - Statistiques

Statistiques générales
  • Ce quiz a été pris 67 fois
  • Le résultat moyen est 7 sur 10
Statistiques - réponses
Ligne 16 Station % Correct
1 Saint-Denis Pleyel
91%
10 Noisy - Champs
81%
5 Aulnay
74%
3 Le Bourget
74%
6 Sevran - Beaudottes
70%
9 Chelles
63%
8 Clichy - Montfermeil
60%
4 Le Blanc-Mesnil
60%
7 Sevran - Livry
60%
2 La Courneuve - Six Routes
56%
Aucun quiz correspondant
Distribution des résultats
% des personnes avec chaque résultat
Percentile par nombre de réponses
Votre historique - résultats
Vous n’avez pas pris ce quiz